| 000 | 01004nam a22003137a 4500 | ||
|---|---|---|---|
| 003 | DO-SdBPM | ||
| 005 | 20250707112144.0 | ||
| 007 | ta | ||
| 008 | 170112b2001 sp a 00| 0 spa d | ||
| 020 | _a8432994871 | ||
| 040 |
_aDO-SdBPM _bspa _cBPMSU _erda |
||
| 082 | 4 |
_a372.21 _bC569c 2001 _222 |
|
| 245 | 1 | 0 |
_a140 juegos y actividades de educación infantil _c |
| 246 | 1 | 3 | _aCinto cuarenta juegos y actividades de educación infantil |
| 264 |
_aBarcelona : _bEditorial Grupo Ceac., _c2001 |
||
| 300 |
_a 133 páginas : _bilustraciones ; _c23 cm. |
||
| 336 |
_atexto _btxt _2rdacontent |
||
| 337 |
_asin mediación _bn _2rdamedia |
||
| 338 |
_avolumen _bnc _2rdacarrier |
||
| 520 | _a | ||
| 590 | _aInventariado, 2025/VM | ||
| 590 | _6Inventariado, 2025/VM | ||
| 650 | 7 |
_aEducación preescolar _v |
|
| 650 | 7 |
_aLectura _xEducación preescolar. |
|
| 650 | 7 | _a Psicología educativa | |
| 710 | 2 | _aGrupo Editorial Ceac | |
| 910 | _aVMateo V. Control de calidad. BPMSU | ||
| 942 |
_2ddc _cBK |
||
| 999 |
_c15255 _d15255 |
||